000 00380 a2200169 4500
001 190847
020 _a978-85-02-03221-7
040 _cMagnum
100 _aPechlivanis, Marina
240 1 0 _aO guardador de palavras
_lpor
245 1 0 _aO guardador de palavras
300 _a45
362 0 _a2000
440 1 _aSaraiva
697 _aLITERATURA INFANTO-JUVENIL
942 _cBK
999 _c190847
_d190847